30 cidades mais populosas de Alagoas - Statistics

Estatísticas Gerais
  • Esse quiz foi jogado 126 vezes
  • A pontuação média é 16 de 30
Estatísticas das Respostas
Nº de Habitantes Letra Inicial Cidade % Correto
1 013 773 M Maceió
100%
231 053 A Arapiraca
94%
73 878 P Palmeira dos Índios
85%
64 074 P Penedo
84%
75 645 R Rio Largo
81%
66 017 U União dos Palmares
81%
32 171 M Maragogi
74%
51 132 M Marechal Deodoro
68%
56 631 C Coruripe
62%
47 291 A Atalaia
60%
51 997 D Delmiro Gouveia
57%
28 335 M Murici
57%
35 295 P Pilar
57%
47 820 S Santana do Ipanema
54%
60 539 S São Miguel dos Campos
54%
26 212 V Viçosa
44%
56 430 C Campo Alegre
41%
25 590 M Mata Grande
41%
47 291 T Teotônio Vilela
41%
27 288 P Porto Calvo
37%
40 519 G Girau do Ponciano
35%
28 621 L Limoeiro de Anadia
35%
25 084 J Junqueiro
32%
32 271 S São José da Tapera
32%
27 798 T Traipu
29%
26 041 I Igaci
26%
25 008 M Matriz de Camaragibe
26%
34 623 S São Luís do Quitunde
26%
34 211 S São Sebastião
26%
27 798 B Boca da Mata
25%
Nenhum quiz correspondente encontrado
Distribuição das Pontuações
Porcentagem de Pessoas com Cada Pontuação
Percentil de Números Respondidos
Sua Pontuação Histórica
Você não jogou esse quiz